000 00658nam a22002417a 4500
005 20170124110030.0
010 _aA-235805
020 _c00.00
_a9231020919
035 _aA-235805
037 _bCen Lib/Ret
040 _aDPL
_bEN
082 _a578
_bSAS
100 _aSasson, Albert
_921458
245 _aBiotechnology :
_cby Albert Sasson
_bchallenges and promises /
260 _aFrance
_bUNESCO
_c1984
270 _bFrance
300 _a315p.
_c17cm(Hb)
500 _aIncludes bibliographical references
650 _aBiotechnologies
_921459
650 _aBiology
_910215
700 _921438
942 _2ddc
_cEN
_h578
_mSAS
999 _c127760
_d127760